000 nam a22 7a 4500
999 _c8741
_d8741
008 180119b ||||| |||| 00| 0 eng d
100 _aNCERT
_95088
245 _aSocial Science Science
260 _aNew Delhi
_bArya
_c2009